Estrategia de gestión de la deuda de mediano plazo : (Registro nro. 7229)
[ vista simple ]
| 000 -LEADER | |
|---|---|
| fixed length control field | 01140nam a22002417a 4500 |
| 003 - CONTROL NUMBER IDENTIFIER | |
| control field | OSt |
| 005 - DATE AND TIME OF LATEST TRANSACTION | |
| control field | 20210218102605.0 |
| 008 - FIXED-LENGTH DATA ELEMENTS--GENERAL INFORMATION | |
| fixed length control field | 210218s2018 ck ad||fr||||f00| 0 spa d |
| 020 ## - INTERNATIONAL STANDARD BOOK NUMBER | |
| International Standard Book Number | 9789585901544 |
| 040 ## - CATALOGING SOURCE | |
| Original cataloging agency | CO-JMCR |
| Transcribing agency | CO-JMCR |
| 041 0# - LANGUAGE CODE | |
| Language code of text/sound track or separate title | spa |
| 082 04 - DEWEY DECIMAL CLASSIFICATION NUMBER | |
| Classification number | 339.52309861 / |
| Item number | C718e |
| Edition number | 23 |
| 110 1# - MAIN ENTRY--CORPORATE NAME | |
| Corporate name or jurisdiction name as entry element | Colombia. |
| Subordinate unit | Ministerio de Hacienda y Crédito Público |
| 9 (RLIN) | 7620 |
| 245 10 - TITLE STATEMENT | |
| Title | Estrategia de gestión de la deuda de mediano plazo : |
| Remainder of title | 2018-2022 / |
| Statement of responsibility, etc. | Ministerio de Hacienda y Crédito Público |
| 260 ## - PUBLICATION, DISTRIBUTION, ETC. | |
| Place of publication, distribution, etc. | Bogotá : |
| Name of publisher, distributor, etc. | Minhacienda, |
| Date of publication, distribution, etc. | 2018 |
| 300 ## - PHYSICAL DESCRIPTION | |
| Extent | 130 páginas : |
| Other physical details | ilustraciones y gráficos a color ; |
| Dimensions | 28 cm. |
| 500 ## - GENERAL NOTE | |
| General note | Incluye notas a pie de página. |
| 504 ## - BIBLIOGRAPHY, ETC. NOTE | |
| Bibliography, etc. note | Bibliografía: páginas 129-130 |
| 505 0# - FORMATTED CONTENTS NOTE | |
| Formatted contents note | Estructura de crédito público -- Evaluación de la estrategia de gestión de deuda de mediano plazo 2013-2017 -- estrategia de gestión de la deuda de mediano plazo (2018-2022) -- Esquema de gobernanza -- Modelo de la EGDMP -- Sostenibilidad de la deuda |
| 650 14 - SUBJECT ADDED ENTRY--TOPICAL TERM | |
| Topical term or geographic name entry element | Gestión de la deuda |
| Chronological subdivision | Siglo XXI |
| Geographic subdivision | Colombia |
| 9 (RLIN) | 13611 |
| 650 24 - SUBJECT ADDED ENTRY--TOPICAL TERM | |
| Topical term or geographic name entry element | Política de la deuda pública |
| Chronological subdivision | Siglo XXI |
| Geographic subdivision | Colombia |
| 9 (RLIN) | 13612 |
| 942 ## - ADDED ENTRY ELEMENTS (KOHA) | |
| Source of classification or shelving scheme | Dewey Decimal Classification |
| Koha item type | Books |
| Withdrawn status | Lost status | Source of classification or shelving scheme | Damaged status | Not for loan | Collection code | Home library | Current library | Date acquired | Source of acquisition | Total Checkouts | Full call number | Barcode | Date last seen | Date last checked out | Copy number | Price effective from | Koha item type |
|---|---|---|---|---|---|---|---|---|---|---|---|---|---|---|---|---|---|
| Dewey Decimal Classification | Non-fiction | Biblioteca Pública José María del Castillo y Rada | Biblioteca Pública José María del Castillo y Rada | 10/02/2020 | Donación | 1 | 339.52309861 / C718e | 201810346 | 08/21/2025 | 08/20/2025 | Ej.1 | 02/18/2021 | Books | ||||
| Dewey Decimal Classification | Non-fiction | Biblioteca Pública José María del Castillo y Rada | Biblioteca Pública José María del Castillo y Rada | 10/02/2020 | Donación | 339.52309861 / C718e | 201810345 | 05/16/2024 | Ej.2 | 02/18/2021 | Books |